000 00869nam a2200277 i 4500
001 16646
003 ES-MaACL
005 20250824222443.0
007 t|
008 001020s1990 sp ||||0| spa d
016 7 _zCEN920080476
020 _a84-7517-286-5
040 _aM-BN
_bspa
_cCEN
080 _a860.09:297
100 1 _aAsín Palacios, Miguel.
_923614
245 1 0 _aSadilies y alumbrados /
_cMiguel Asín Palacios ; estudio introductorio de Luce López-Baralt.
260 _aMadrid :
_bHiperión,
_cD.L. 1990.
300 _a379 p. ;
_c24 cm.
490 1 _aLibros Hiperión ;
_v123
504 _aBibliografía.
650 1 4 _aLiteratura española-
_xInfluencia musulmana.
_914563
700 1 _aLópez Baralt, Luce.
_973436
830 0 0 _aLibros Hiperión
_v123
_9178016
852 _aES-MaACL
_jL-23633
_bR.128881
999 _c16646
_d16646